Possible Future EU Enlargement - Statistics

General Stats
  • This quiz has been taken 181 times
    134 since last reset
  • The average score is 14 of 15
Answer Stats
Hint Answer % Correct
2025 Serbia
99%
2030 Ukraine
99%
2025 Albania
95%
2030 Georgia
95%
2030 Kosovo
95%
2035 Turkey
95%
2025 Montenegro
94%
2035 Armenia
93%
2038 Azerbaijan
93%
2030 Bosnia Herzegovina
93%
2025 North Macedonia
93%
Anytime Norway
93%
2030 Moldova
90%
2040 Belarus
89%
Anytime Iceland
87%
No matching quizzes found
Score Distribution
Percent of People with Each Score
Percentile by Number Answered
Your Score History
You have not taken this quiz since the last reset